Quizzes
Events
Quiz Creation
Community
Videos
Private Events
Remove Ads
Sign In
Join for FREE
Feedback
Dark Mode
Quiz Categories
Sports
Geography
Music
Movies
Television
Just For Fun
Miscellaneous
History
Literature
Language
Science
Gaming
Entertainment
Religion
Holiday
For Kids
Quiz Lab
Recent
Popular Today
Quiz Kudos Today
Editor Picks
Curator Picks
Quizzes by...
Day
Popularity
Type
Ratings
Length
Year
Community
Subscriptions
Recent Discussions
Orange Saloon
Badges
Playlists
Quests
Create
Leaderboards
Showdown
Live 5
Trivia Bingo
Activity
Puzzle Library
Sporcle Events
Private Events
Virtual Trivia
Globe League
Become a Host
Pub Owners
SporcleCon
Opinionation
Our Games
Videos
Blog
Mobile Apps
Partnerships
Remove Ads and Go Orange
Feedback
Entertainment
Celebrity
Famous
Musical
Broadway
Show
Quote
Comic Books
Anime
Superhero
DC Comics
Marvel
Cartoons
Animation
Entertainment
Celebrity
Famous
Musical
Broadway
Show
Quote
Comic Books
Anime
Superhero
DC Comics
Marvel
Cartoons
Animation
Random Quiz
Search Sporcle
×
Quiz Lab
Quiz Lab
Entertainment
Spanish
Type in answers that appear in a list
Type in answers that appear in a list
Classic
Best Score? Go Orange.
Nobody Expects The Spanish Inquisition! Stats
Can you name the Spanish Inquisitors and the diverse elements amongst their weaponry?
By
simpsone4
3m
11 Questions
167 Plays
167 Plays
167 Plays
Comments
Comments
Give Quiz Kudos
Give Quiz Kudos
-
- Ratings
hide this ad
Replay
Link that replays current quiz
Next Quiz
Link to next quiz in quiz playlist
You Got
0%
They Got
Avg Score
51%
Avg Friend Score
Upgrade to see
Score Distribution
Jump to the score distribution portion of the page
Score
0/11
Timer
03:00
0
Plays Today
% Correct
Surprise
76%
Fear
73.7%
The Comfy Chair
67.1%
An almost fanatical devotion to the Pope
60.5%
The 'Rack'
59.9%
Fang
43.7%
Biggles
42.5%
The Soft Cushion
42.5%
Ruthless efficiency
40.1%
Nice red uniforms
34.7%
Ximenez
24.6%
Quiz Playlist
Details
Report
Send in Message
Add To Playlist
Classic:
Type in answers that appear in a list
Last Updated: Feb 16, 2017
Quiz Scoreboard
CHALLENGE
Sign Up to Join the Scoreboard
Show All
Scores
Hide
Comments
May contain spoilers
Recently Published
Decade Duel: World Leaders
by jenniferyan
History
4m
Alphabetical 'K' Countries by Flag Minefield
by ylime102
Geography
3m
Pick 6: Fruits
by JohnFran
Miscellaneous
15s
More to Explore
Quiz From the Vault
Featured Blog Post
15 Basketball Trivia Facts You Can Be March Mad About
hide this ad
You Might Also Like...
Tags
Elements Quiz
Spanish Quiz
amongst
Diverse
Expect
Inquisition
Nobody
Spanish Inquisition
Weapons
Today's Top Quizzes in Entertainment
Browse Entertainment
hide this ad
Today's Top Quizzes in Spanish
Browse Spanish
Top Contributed Quizzes in Entertainment
1
Eurovision 2023 Logic Puzzle
2
Titans/Young Justice Logic Puzzle (Read Note)
3
The Joker Actors by Order
4
Decade Duel: Actor
5
Spider-Man Actors by Order
6
Decade Duel: Actress
7
JoJo's Bizarre Logic Quiz
8
Click the Fictional John
9
Click the Fictional Bruce
10
Picture Click Blitz: Snow White
Explore More
Trending Topics
Marvel
Anime
Harry Potter
Kpop
Disney
Crossword
NBA
Song
WWE
Puzzle
Country
NFL
The Office
Pokémon
Soccer
hide this ad
More By:
simpsone4
Quiz
Plays
Rating
Category
Featured
Created
Characters in Shakespeare's Hamlet
54,014
4.19
Literature
Dec 15, 2009
Characters in Shakespeare's King Lear
23,009
4.20
Literature
Dec 17, 2009
Winter of Our Discontent...
13,673
3.38
Literature
Dec 14, 2009
Nobody Expects The Spanish Inquisition!
167
4.60
Entertainment
Dec 14, 2009
Characters in Shakespeare's Henry VI: 1
100
5.00
Literature
Dec 14, 2009
Go to Creator's Profile
Score Distribution
Quiz Creator Spotlight
simpsone4
Follow
Send a Message
Quizzes Created
-
Created Quiz Play Count
-
More By This Creator
Popular Quizzes Today
1
Countries of Asia Without Outlines Minefield
2
Find the US States - No Outlines Minefield
3
Pick 6: Fruits
4
Alphabetical 'K' Countries by Flag Minefield
5
The Countries of the World
6
Find the Countries of Europe - No Outlines Minefield
7
Find the US States
8
US States
More Entertainment Quizzes
Silhouettes: Hanna-Barbera Characters
Published
Trending Quizzes
Pick 6: Mountains
Pick 6: Harry Potter
Pick 6: Flags
Pick 6: NFL Teams
Pick 6: Movie Franchises
Recently Updated
Adaptations: Name the Title
pecheneg
NWSL Teams
pecheneg
Women's Final Four Teams by Year
bhenderson79
Presidents Quartet II
eogle
Anything But Clue(do)
eogle
Anything But Oceanian Capitals
eogle
Anything But 7
eogle
Anything But Thing
eogle
Word Ladder: February 29
pecheneg
Song Title Questions
pecheneg
Trending Topics
Marvel
NBA
Kpop
Disney
Crossword
Harry Potter
Anime
The Office
Soccer
WWE
Pokémon
NFL
Puzzle
Country
Song
Your Account Isn't Verified!
In order to create a playlist on Sporcle, you need to verify the email address you used during registration. Go to your
Sporcle Settings
to finish the process.
Report this User
Report this user for behavior that violates our
Community Guidelines
.
Details:
Send Report
Go to the Sporcle.com Mobile Site →
Comments